[Event "RUS-chT Premier League 2018"]
[Site "Sochi"]
[Date "2018.05.02"]
[Round "2"]
[White "Usmanov, Vasily"]
[Black "Drygalov, Andrey"]
[Result "1-0"]
[WhiteElo "2464"]
[BlackElo "2446"]
[Annotator "TA"]
[PlyCount "153"]
[EventDate "2018.??.??"]
[EventCountry "RUS"]
[SourceTitle "playchess.com"]
[Source "ChessBase"]
[SourceQuality "1"]

{[%evp 28,153,27,0,35,40,46,50,45,58,60,65,79,81,76,74,85,83,156,126,118,74,86,77,96,63,69,41,47,52,64,35,41,39,64,39,55,33,42,42,45,29,35,38,47,33,27,0,10,0,0,-15,0,0,0,0,0,0,0,0,0,0,13,10,10,7,31,34,22,27,223,212,251,235,289,319,287,293,306,337,389,391,382,360,355,268,319,330,369,364,472,441,698,746,716,735,741,681,740,725,662,693,1539,1454,1813,1785,1472,1629,1775,1555,1702,1581,29971,12683,29975,29976,29975,29973,29975,29976,29984,29980,29984,29984,29986,29987,29989,29988]} 1. d4 d5 2. c4 c6 3. Nf3 Nf6 4. Nc3 e6 5. e3 Nbd7 6. Qc2 Bd6 7. b3 O-O 8. Be2 b6 9. Bb2 Bb7 10. O-O Qe7 11. Rfe1 {D45: Semi-Slav: 5 e3} Rad8 12. Rad1 c5 13. cxd5 exd5 14. Bf1 Rfe8 15. g3 {[#] LiveBook: 40 Games} Qf8 $146 ({Predecessor:} 15... Nf8 16. Bg2 Ne6 17. dxc5 bxc5 18. Nh4 Bb8 19. Nf5 Qd7 20. Na4 d4 {1-0 (37) Le,Q (2739)-Navara,D (2737) Saint Louis 2017}) 16. Bg2 a6 17. dxc5 Bxc5 18. Re2 Bb4 19. Qc1 Rc8 20. Rc2 Nc5 21. Nd4 Nfe4 22. Nce2 {[%cal Bc3e2,Be2d4,Bd4f3,Bf3d2][%mdl 32]} Nd7 ({Black should play} 22... Ne6) 23. Bh3 Nef6 24. Nf3 Rxc2 25. Qxc2 Bd6 26. Ng5 {Bxd7 is the strong threat.} Ne5 27. Nd4 h6 28. Ngf3 Ne4 29. Nxe5 Bxe5 30. Nf3 Bd6 31. Bd4 b5 32. Nd2 Ng5 33. Bg2 Ne6 34. Bb2 Ba3 35. Bxa3 Qxa3 36. Nb1 Qa5 37. a3 Rc8 38. Qb2 Qc7 39. b4 Qc2 40. Qxc2 Rxc2 41. h4 Kf8 42. Bf3 Ke7 43. Kg2 Nc7 44. Rd3 Kd6 45. Nc3 Ke5 46. g4 Rc1 47. Ne2 Ra1 48. Kg3 Na8 $2 (48... g6 $11 {and Black stays safe.}) 49. Rc3 $1 $18 Kd6 50. Nd4 g6 {[#]} 51. h5 $1 gxh5 52. gxh5 Nb6 53. Nf5+ Ke6 54. Rc7 {Threatens to win with Kf4.} Kxf5 55. Rxb7 {[%mdl 4096] Endgame KRB-KRN} Nc4 56. Bxd5 Nd6 {[#]} 57. Rd7 $1 {[%cal Rd7d6]} Ke5 58. Bxf7 Ne4+ 59. Kg2 Rxa3 (59... Kf6 $142 60. Bg6 Ke6) 60. f4+ Kf5 61. Kf3 Ra1 62. Rd5+ Kf6 63. Kxe4 Kxf7 {KR-KR} 64. Rd6 Ra4 65. Kf5 a5 66. bxa5 Rxa5 67. Rb6 b4+ 68. Kg4 Ra3 69. e4 {[%cal Be3e4,Be4e5][%mdl 32]} b3 70. e5 Kg7 71. Kf5 {White mates.} Kf8 72. Rxh6 b2 73. Rb6 Ra2 74. Rb7 Kg8 75. h6 Kh8 76. e6 Kg8 77. Kg6 {Precision: White = 75%, Black = 34%.} 1-0

[Event "RUS-chT Premier League 2018"]
[Site "Sochi"]
[Date "2018.05.02"]
[Round "2"]
[White "Looshnikov, Nikolai"]
[Black "Lobanov, Sergei"]
[Result "0-1"]
[WhiteElo "2435"]
[BlackElo "2482"]
[Annotator "TA"]
[PlyCount "54"]
[EventDate "2018.??.??"]
[EventCountry "RUS"]
[SourceTitle "playchess.com"]
[Source "ChessBase"]
[SourceQuality "1"]

{[%evp 16,54,0,0,0,0,0,-1,-2,-22,-4,-25,-27,-23,-29,-36,-25,-44,-10,-70,-54,-95,-97,-185,-187,-270,-278,-275,-268,-343,-197,-189,-179,-187,-174,-579,-579,-738,-693,-29997,-29998]} 1. e4 c6 2. c4 d5 3. cxd5 cxd5 4. exd5 Nf6 5. Bb5+ Nbd7 6. Nc3 a6 7. Bxd7+ Qxd7 8. Nf3 Nxd5 {B10: Caro-Kann: 2 d3 and 2 c4} 9. O-O {LiveBook: 16 Games} f6 10. Re1 e6 {The position is equal.} 11. Qb3 Be7 12. d4 b5 $146 ({Predecessor:} 12... O-O 13. Nxd5 exd5 14. Bf4 Rf7 15. a4 Bf8 16. Re2 {½-½ (55) Kuczynski,R (2480)-Hort,V (2545) Germany 1991}) 13. Ne4 Bb7 14. Nc5 Bxc5 $1 15. dxc5 O-O 16. a4 b4 17. Nd4 (17. Bd2 $11) 17... e5 $15 18. Nc2 a5 19. f4 (19. Rd1 $17) 19... Kh8 20. fxe5 (20. Qd3 $142) 20... fxe5 $19 21. Rxe5 Qc7 22. Re1 ({Reject} 22. Rxd5 Bxd5 23. Qd3 (23. Qxd5 $2 Rad8 $19) 23... Qe5 $19) 22... Qxc5+ (22... Ra6 $142 {aiming for ...Rg6.} 23. Be3 Nxe3 24. Qxe3 {[#]} Bxg2 $1 {[%mdl 512]}) 23. Be3 Nxe3 24. Nxe3 Rae8 $40 {[%mdl 128] Threatens to win with ...Qg5. Black has strong attack.} 25. Rac1 $2 (25. Qd3 {is a better chance.}) 25... Qg5 {Strongly threatening ...Rxe3!} 26. Rc2 {[#]} Bd5 $1 {[%mdl 512]} 27. Rc5 (27. Qxd5 Qxd5) 27... Rxe3 {Precision: White = 25%, Black = 86%.} ({Less strong is} 27... Bxb3 28. Rxg5 Ra8 29. Nf5 $15) 0-1

[Event "RUS-chT Premier League 2018"]
[Site "Sochi"]
[Date "2018.05.02"]
[Round "2"]
[White "Faizrakhmanov, Ramil"]
[Black "Khanin, Semen"]
[Result "0-1"]
[WhiteElo "2426"]
[BlackElo "2472"]
[Annotator "TA"]
[PlyCount "84"]
[EventDate "2018.??.??"]
[EventCountry "RUS"]
[SourceTitle "playchess.com"]
[Source "ChessBase"]
[SourceQuality "1"]

{[%evp 9,84,24,24,24,34,32,32,27,36,12,14,16,18,0,0,0,4,0,0,-19,-10,-11,7,3,16,30,0,2,27,-17,0,0,7,13,13,11,325,321,313,302,293,300,431,400,410,445,443,406,439,419,414,395,410,402,415,410,388,328,250,125,153,142,270,183,856,889,700,0,4,0,0,0,0,-698,-625,-29984,-6498]} 1. d4 Nf6 2. c4 e6 3. Nf3 d5 4. Nc3 a6 5. cxd5 exd5 6. Bg5 {D37: Queen's Gambit Declined: 5 Bf4} Be6 7. e3 Nbd7 8. Bd3 {White is slightly better.} h6 9. Bh4 Bd6 (9... g5 10. Bg3 Nh5 11. Be5 Nhf6 12. Bg3 Nh5 13. Nd2 Nxg3 14. hxg3 {1-0 (46) Karjakin,S (2753)-Caruana,F (2811) Wijk aan Zee 2018}) 10. O-O O-O 11. a3 c6 12. Rc1 Re8 13. Na4 {[#]} a5 $146 ({Predecessor:} 13... Bg4) 14. Nc5 Nxc5 15. dxc5 Be7 16. Nd4 a4 17. Nxe6 fxe6 18. Bxf6 Bxf6 19. Bc2 Bxb2 20. Rb1 Qf6 21. Qd3 Kf8 22. f4 Qc3 $2 {[%mdl 8192]} (22... Ke7 $11) 23. Qh7 $1 $18 Ke7 (23... Qxe3+ 24. Kh1 $18) 24. f5 $1 {[%cal Rf5f6]} exf5 (24... Qxa3 $2 25. Rxb2 $1 {[%mdl 512]} Qxb2 26. f6+ Qxf6 27. Rxf6 $18) (24... Bxa3 $2 25. f6+ Kd8 26. fxg7 $18) (24... Qxe3+ 25. Kh1 $16) (24... Qxc2 $2 25. f6+ $1 {[%mdl 512]} Bxf6 26. Rxb7+ Kd8 27. Qxc2 $18) 25. Bxf5 Kd8 ({Don't blunder} 25... Qxa3 $2 26. Qg6 $18) ({Of course not} 25... Qxe3+ 26. Kh1) (25... b5 $142 26. Qg6 Qf6) 26. Bg6 Kc7 27. Bxe8 Rxe8 28. Kh1 Kb8 29. Qf5 Ka7 30. Qd7 Rxe3 {intending ...Re2.} 31. Qc7 {Qb6+ would kill now.} Qxc5 {...Rb3 is the strong threat.} 32. Rxb2 {[%csl Gb2][%cal Rc7b7]} Rb3 33. Rxb3 axb3 {[#]} 34. Qxg7 ({Only move:} 34. Qe5 $1 $18) 34... d4 35. Qxh6 Qc2 (35... b2 $16) 36. Qd6 c5 $2 (36... d3 37. Qd8 (37. Qb4 Ka6 $18) 37... Qc3) 37. Qc7 {Intending Qa5+ and mate.} Qc3 38. Qd7 $2 ({White has to play} 38. h4 $18) 38... Qc4 $11 {[%cal Rc4f1]} 39. Kg1 {Threatens to win with Qc7.} b2 {And now ...Qxf1+ would win.} 40. Qf5 d3 {[%cal Bd4d3,Bd3d2][%mdl 32] Hoping for ...Qc2.} 41. Qf3 $2 {[%mdl 8192] [#]} (41. Kf2 $11) 41... Qc2 $1 $19 42. Qe3 d2 {Precision: White = 69%, Black = 47%.} 0-1

[Event "RUS-chT Premier League 2018"]
[Site "Sochi"]
[Date "2018.05.02"]
[Round "2"]
[White "Palachev, Petr"]
[Black "Esipenko, Andrey"]
[Result "0-1"]
[WhiteElo "2395"]
[BlackElo "2587"]
[Annotator "TA"]
[PlyCount "96"]
[EventDate "2018.??.??"]
[EventCountry "RUS"]
[SourceTitle "playchess.com"]
[Source "ChessBase"]
[SourceQuality "1"]

{[%evp 26,96,14,11,30,6,0,0,0,-100,-104,-111,-106,-97,-94,-104,-104,-118,-115,-110,-89,-115,-93,-115,-120,-151,-115,-97,-98,-152,-79,-88,-89,-82,-74,-80,-78,-99,-42,-36,-8,-8,-8,-124,-124,-119,-121,-120,-114,-324,-378,-406,-406,-406,-406,-396,-399,-385,-377,-511,-511,-511,-511,-511,-511,-29964,-29965,-29969,-29972,-29964,-12606,-5065,-4134]} 1. d4 Nf6 2. c4 e6 3. Nf3 d5 4. Nc3 c6 5. e3 Nbd7 6. Qc2 b6 7. b3 Bb7 8. Bd3 Be7 9. O-O dxc4 {D45: Semi-Slav: 5 e3} 10. bxc4 c5 11. d5 exd5 12. cxd5 Nxd5 13. Nxd5 Bxd5 14. Rd1 {LiveBook: 15 Games. Strongly threatening Bb5.} Be6 15. Bb2 Bf6 16. Bb5 {[#]} O-O $146 ({Predecessor:} 16... Bxb2 17. Qxb2 {0-1 (36) Yilmaz,M (2613)-Dreev,A (2664) Almaty 2016}) 17. Bxd7 (17. Ne5 $11 Bxe5 18. Bxe5) 17... Bxd7 $17 18. Ne5 Bxe5 $1 19. Bxe5 Qe8 20. Qc3 {[#]} f6 $1 {[%cal Rf6e5]} 21. Bd6 Rf7 22. Rd2 Qe6 23. a4 Bc6 24. Bg3 Rd7 25. a5 Rad8 26. Rxd7 Rxd7 27. h4 (27. axb6 $142 axb6 28. f3) 27... h6 ({Black should try} 27... c4 {White must now prevent ...Rd3.} 28. axb6 axb6) 28. f3 c4 {Threatens to win with ...Rd3.} 29. axb6 axb6 30. Qb4 b5 31. e4 f5 ({Black should play} 31... Rd3 $17 {...c3 is the strong threat.} 32. Ra6 Qe8) 32. Qc5 $15 {aiming for Ra6.} fxe4 33. Ra6 exf3 {( -> ...Rd2)} ({Resist} 33... Rd1+ 34. Kh2 $17) 34. Qxc6 (34. Rxc6 $11 {was the only way to keep the balance.} Rd1+ 35. Kh2) 34... Rd1+ $40 {[%mdl 128] White is in trouble.} 35. Kh2 Qxc6 36. Rxc6 {[%mdl 4096] Endgame KRB-KR} Rd2 {Hoping for ...f2.} 37. Rc8+ $2 {[#]} (37. Rc5 $17) 37... Kf7 $1 $19 38. Rc5 f2 39. Bxf2 Rxf2 40. Rxb5 {KR-KR} Ke6 41. Rc5 Rf4 42. Kg3 Kd6 43. Rc8 g5 44. hxg5 hxg5 {[%cal Bh6g5,Bg5g4][%mdl 32]} 45. Rd8+ (45. Rb8 $19 Kc5 46. Rg8) 45... Kc5 46. Rc8+ Kd4 47. Rd8+ Ke3 48. Rd5 g4 {Precision: White = 45%, Black = 67%.} 0-1

[Event "RUS-chT Premier League 2018"]
[Site "Sochi"]
[Date "2018.05.02"]
[Round "2"]
[White "Saveliev, Alexei"]
[Black "Drygalov, Sergey"]
[Result "1/2-1/2"]
[WhiteElo "2354"]
[BlackElo "2421"]
[Annotator "TA"]
[PlyCount "80"]
[EventDate "2018.??.??"]
[EventCountry "RUS"]
[SourceTitle "playchess.com"]
[Source "ChessBase"]
[SourceQuality "1"]

{[%evp 33,80,14,17,19,21,0,8,0,10,-87,-22,-44,-4,-27,12,-38,-35,-65,-47,-48,-20,-59,-45,-49,-32,-35,-11,-20,-20,-91,-45,-51,-40,-80,-80,-104,-82,-93,-93,-93,-87,-98,-89,-110,0,-100,0,-112,0]} 1. e4 e5 2. Nf3 Nc6 3. Bb5 {[%cal Bf1b5,Bb5a4,Ba4b3][%mdl 32]} a6 4. Ba4 Nf6 5. O-O Be7 6. Re1 b5 7. Bb3 d6 8. c3 O-O 9. h3 Bb7 10. d4 Re8 11. Ng5 Rf8 12. Nf3 Re8 13. Nbd2 Bf8 14. a3 h6 15. Bc2 Nb8 16. b4 Nbd7 17. Bb2 c6 {[%cal Bc7c6,Bc6c5,Bc5c4][%mdl 32] LiveBook: 5 Games. C93: Closed Ruy Lopez: Smyslov Variation} (17... g6 18. Rc1 c6 19. Nb3 Rc8 20. Bb1 Qb6 21. c4 exd4 22. c5 dxc5 23. bxc5 Qc7 24. Bxd4 Bg7 25. e5 Nd5 {1-0 (47) Vidit,S (2721)-Sadzikowski,D (2587) Hungary 2017}) 18. Nb3 Rc8 19. Qd2 Qc7 $146 {The position is equal.} ({Predecessor:} 19... exd4 20. cxd4 c5 21. d5 cxb4 22. axb4 Ne5 23. Nxe5 dxe5 24. Bd3 Nxd5 25. exd5 Qxd5 {1-0 (43) Solana Suarez,E (2275)-Brito Garcia,A (2360) Gran Canaria 1989}) 20. Rad1 Ba8 21. Qc1 {[#]} (21. Nh4 $11 {keeps the balance.}) 21... Nh5 (21... exd4 $1 $17 {...c5 is the strong threat.} 22. cxd4 c5) 22. Nbd2 c5 {And now ...cxd4 would win.} 23. d5 a5 (23... f5 $5) 24. Bd3 c4 25. Bf1 Nb6 26. Qc2 Qa7 27. g3 Bb7 28. Nb1 Be7 29. Bc1 Bd8 30. Be3 Qa6 31. Qd2 (31. Nbd2 $11 {remains equal.}) 31... Nf6 32. Qc2 axb4 33. cxb4 Na4 34. Nh4 Rc7 35. Bg2 Bc8 36. Kh2 Rb7 37. Rf1 Bb6 38. Bc1 Bd8 39. Be3 $1 Bb6 40. Bc1 $1 Bd8 {Precision: White = 34%, Black = 40%.} ({Black should try} 40... Rc7 $17 41. f4 Bd4) 1/2-1/2

[Event "RUS-chT Premier League 2018"]
[Site "Sochi"]
[Date "2018.05.02"]
[Round "2"]
[White "Natacheev, Peter"]
[Black "Triapishko, Alexandr"]
[Result "0-1"]
[WhiteElo "2243"]
[BlackElo "2504"]
[Annotator "TA"]
[PlyCount "104"]
[EventDate "2018.??.??"]
[EventCountry "RUS"]
[SourceTitle "playchess.com"]
[Source "ChessBase"]
[SourceQuality "1"]

{[%evp 16,104,-9,-27,-33,-43,-37,-37,-41,-70,-64,-116,-116,-111,-116,-119,-85,-93,-73,-73,-48,-70,-54,-80,-80,-80,-80,-80,-80,-80,-80,-80,-61,-67,-37,-80,-80,-80,-80,-80,-80,-80,-80,-86,-86,-121,-104,-97,-103,-122,-61,-76,-66,-66,-70,-75,-50,-43,-53,-37,-41,-76,-68,-66,-64,-56,-58,-83,-84,-138,-134,-210,-210,-212,-205,-216,-205,-515,-393,-447,-440,-430,-411,-391,-386,-595,-577,-729,-727,-734,-733]} 1. d4 d5 2. Nf3 Nf6 3. c4 e6 4. Nc3 Bb4 5. Bg5 Nbd7 6. Qb3 c5 7. cxd5 exd5 8. Bd2 {D38: Queen's Gambit Declined: Ragozin Defence (4 Nf3 Bb4)} (8. a3 Bxc3+ 9. Qxc3 c4 10. Nd2 O-O 11. e3 h6 12. Bh4 Qe8 13. f3 b5 14. Kf2 a5 15. g4 Qe7 16. Bg3 {1-0 (57) Alekseev,E (2716)-Eljanov,P (2693) Nalchik 2009}) 8... O-O 9. e3 {LiveBook: 3 Games} Bxc3 10. Bxc3 {Black is slightly better.} c4 $146 ({Predecessor:} 10... b6 11. Be2 Bb7 12. dxc5 Nxc5 13. Qa3 Nfe4 14. Bd4 Ne6 15. O-O Nxd4 16. Nxd4 {½-½ (59) Koneru,H (2484)-Zhao,X (2367) Goa 2002}) 11. Qc2 Ne4 12. b3 b5 {[%cal Bb7b5,Bb5b4][%mdl 32]} 13. a4 (13. Be2 $15) 13... Nxc3 $17 14. Qxc3 {[#]} b4 $1 {[%cal Rb4c3][%mdl 512]} 15. Qc2 (15. Qxb4 Rb8) 15... c3 16. Bd3 h6 17. a5 a6 18. O-O Bb7 19. Bf5 {White wants to play Ra4.} Bc6 20. Rfe1 Re8 21. Bh7+ Kh8 22. Bd3 Ra7 23. Qe2 Qf6 24. Ra2 Rb8 25. Rea1 Bb5 26. Ne1 Qd6 27. Qf3 Nf6 28. Bc2 g6 {[%cal Bg7g6,Bg6g5][%mdl 32]} 29. Qh3 Kg7 30. Nf3 Bd7 31. Qh4 g5 32. Qg3 Ne4 (32... Qxg3 $17 33. hxg3 Bb5) 33. Qxd6 $15 Nxd6 34. Ne5 Bb5 35. f3 f6 36. Nd3 Nf5 37. Nxb4 Nxe3 {aiming for ...f5.} 38. Kf2 Re8 $36 {[%mdl 2048] Black fights for an advantage.} 39. Rc1 f5 40. Bd3 Bxd3 41. Nxd3 c2 42. Nb4 {[#]} ({Better is} 42. Raxc2 Nxc2 43. Rxc2) 42... f4 $1 $17 43. g3 (43. h4 $17) 43... Nd1+ $19 44. Kf1 fxg3 45. hxg3 Rf7 46. Nxc2 $2 (46. Raxc2 Ne3+ 47. Kf2 Nxc2 48. Rxc2) 46... Nc3 47. Rb2 Re2 48. Ne1 Rxb2 49. Rxc3 g4 50. f4 (50. Rc6 $142) 50... Rb7 {Black is clearly winning.} 51. Rc6 R7xb3 52. Rxa6 Re3 {Precision: White = 39%, Black = 79%.} 0-1

[Event "RUS-chT Premier League 2018"]
[Site "Sochi"]
[Date "2018.05.02"]
[Round "2"]
[White "Vdovin, Maxim"]
[Black "Ofitserian, Boris"]
[Result "0-1"]
[WhiteElo "2139"]
[BlackElo "2414"]
[Annotator "TA"]
[PlyCount "70"]
[EventDate "2018.??.??"]
[EventCountry "RUS"]
[SourceTitle "playchess.com"]
[Source "ChessBase"]
[SourceQuality "1"]

{[%evp 14,70,10,4,47,-14,-4,-106,-91,-95,-108,-103,-107,-97,-112,-125,-77,-72,-81,-85,-63,-72,-72,-145,-109,-104,-84,-258,-247,-256,-266,-279,-163,-883,-875,-751,-446,-429,-450,-410,-422,-1913,-1909,-29987,-29988,-29988,-29989,-29989,-29990,-29990,-29991,-29991,-29990,-29999,-997,-29998,-29998,-29998,-29999]} 1. d4 Nf6 2. Nf3 g6 3. g3 Bg7 4. Bg2 d5 5. O-O O-O 6. Nbd2 c6 7. c4 a5 8. Re1 {LiveBook: 5 Games. D78: Fianchetto Grünfeld: 6 0-0 c6} (8. b3 a4 9. Ba3 Re8 10. e3 Bf5 11. Qe2 e6 12. h3 Ne4 13. Rfc1 h5 14. Ne5 Nxd2 15. Qxd2 Nd7 16. Nd3 {½-½ (49) Caruana,F (2799)-Grischuk,A (2782) Saint Louis 2017}) 8... a4 9. Ne5 (9. e4 $14) 9... Bf5 (9... Be6 {feels hotter.} 10. e3 Nbd7 11. cxd5 cxd5 12. Nd3 Bf5) 10. e4 $146 (10. Nf1 $11 {keeps the balance.}) ({Predecessor:} 10. f3 Nbd7 11. g4 Be6 12. cxd5 Nxd5 13. Ndc4 Nxe5 14. Nxe5 Qc7 15. e4 Bxe5 16. dxe5 Nb4 17. Be3 Rfd8 18. Qe2 Nd3 19. Red1 Nxe5 20. Qe1 Rxd1 {0-1 (20) Stuemer,P (2130)-Gutman,L (2450) Goch 2011}) 10... dxe4 $17 11. Nxe4 Nxe4 12. Bxe4 Bxe5 $1 13. Bxf5 Bxd4 14. Bc2 Qb6 15. Rxe7 {With the idea Bh6.} Bxf2+ 16. Kh1 Bc5 $36 {[%mdl 2048] Black has good play.} 17. Re2 Rd8 18. Rd2 ({Better is} 18. Qf1) 18... Bd4 19. Bxa4 c5 20. Rd3 $2 (20. Bb5 $17) 20... Qe6 $19 21. Bb5 Nd7 {[#] Hoping for ...Qe4+.} 22. Bf4 Nf6 (22... Bxb2 $142 23. Qe1 Bxa1 24. Qxe6 fxe6 25. Bxd7 Kg7) 23. Bg5 $2 (23. Kg2) 23... Ne4 24. Be3 Bxe3 25. Rxd8+ Kg7 26. Kg2 Nf2 27. Rxa8 (27. Bd7 $142 Qxc4 28. b3 Qe4+ 29. Qf3 Rxd8 30. Re1 Qxf3+ 31. Kxf3) 27... Nxd1 28. Rxd1 Qe4+ 29. Kh3 Qf5+ 30. Kg2 Qc2+ 31. Kf3 Qf2+ 32. Ke4 Qe2 33. Rd5 f5+ (33... Bg5# $142) 34. Ke5 {[#]} Bf4+ $1 {[%mdl 512]} 35. Kxf4 Qe4+ {Precision: White = 20%, Black = 51%.} 0-1

[Event "RUS-chT Premier League 2018"]
[Site "Sochi"]
[Date "2018.05.03"]
[Round "3"]
[White "Vitiugov, Nikita"]
[Black "Alekseev, Evgeny"]
[Result "1-0"]
[WhiteElo "2735"]
[BlackElo "2622"]
[Annotator "TA"]
[PlyCount "91"]
[EventDate "2018.??.??"]
[EventCountry "RUS"]
[SourceTitle "playchess.com"]
[Source "ChessBase"]
[SourceQuality "1"]

{[%evp 19,91,28,37,33,65,64,55,57,46,44,44,0,0,2,6,0,0,-36,6,6,6,2,2,0,42,42,35,35,44,44,44,44,44,48,56,54,113,113,113,113,113,113,113,109,120,114,114,114,136,136,139,139,211,211,208,211,212,208,215,215,295,305,5106,5106,5106,5106,5097,5089,5073,5073,5065,5057,1999,1673]} 1. Nf3 Nf6 2. g3 d5 3. Bg2 g6 4. c4 c6 5. b3 Bg7 6. Bb2 O-O 7. O-O Nbd7 8. d4 Ne4 9. Nbd2 Ndf6 10. Ne5 Bf5 {LiveBook: 6 Games. D78: Fianchetto Grünfeld: 6 0-0 c6} 11. e3 {[%cal Be2e3,Be3e4][%mdl 32]} (11. Ndf3 Qc8 12. Rc1 Bh3 13. e3 Bxg2 14. Kxg2 Qd8 15. Qe2 Rc8 16. Rfd1 e6 17. Ba3 Re8 18. Nd3 {0-1 (52) Rakhmanov,A (2655)-Sarana,A (2577) Batumi 2018}) 11... Qa5 12. Nxe4 $146 ({Predecessor:} 12. Ndf3 Ng4 13. Nxg4 Bxg4 14. Re1 dxc4 15. bxc4 Qh5 16. h3 Bxh3 17. Nh2 {0-1 (56) Arutinian,D (2553)-Sergeyeva,M (2327) Dubai 2012}) 12... Nxe4 {White is slightly better.} 13. f3 Nf6 14. Qe2 Nd7 15. e4 Nxe5 16. exf5 Nd7 $1 17. fxg6 hxg6 18. Qxe7 Qd2 19. Qxd7 {Hoping for Rf2.} Qxb2 20. cxd5 Rae8 21. Rae1 Qxd4+ 22. Kh1 Rxe1 23. Rxe1 Qxd5 24. Qxb7 Qd2 25. Rf1 Re8 26. f4 $36 {[%mdl 2048] White is more active.} Bd4 27. f5 {Black must now prevent fxg6.} Re1 (27... g5 $1 $14) 28. fxg6 $16 ({Don't go for} 28. Qxc6 $2 Qe3 $19) 28... fxg6 29. Qxc6 Kg7 30. Qb7+ Kh6 {( -> ...Qf2)} 31. Qf3 Kg7 32. Qf8+ Kh7 33. Be4 {Threatening mate with Qf7+.} Bg7 34. Qf3 {aiming for Qh5+.} Rxf1+ 35. Qxf1 Qxa2 (35... Qe3 $16) 36. Qh3+ $18 Bh6 {Strongly threatening ...Qa1+.} 37. Qe6 $1 {[%cal Re6g6]} Qa1+ 38. Kg2 Qb2+ 39. Kf3 Qg7 40. h4 Qg8 $2 (40... a5 41. h5 Qg8 42. hxg6+ Kh8 43. Qe5+ Qg7 44. Qxa5 Qf6+ 45. Kg2 Bg5) 41. Qxg8+ {White is clearly winning.} Kxg8 42. Bxg6 Kg7 43. Be8 Bd2 44. Ke2 Bb4 {[#]} 45. g4 $1 {[%cal Bg3g4,Bg4g5][%mdl 32]} Kf6 {[#]} 46. g5+ $1 {Precision: White = 92%, Black = 53%.} 1-0

[Event "RUS-chT Premier League 2018"]
[Site "Sochi"]
[Date "2018.05.03"]
[Round "3"]
[White "Tomashevsky, Evgeny"]
[Black "Sarana, Alexey"]
[Result "1-0"]
[WhiteElo "2714"]
[BlackElo "2588"]
[Annotator "TA"]
[PlyCount "83"]
[EventDate "2018.??.??"]
[EventCountry "RUS"]
[SourceTitle "playchess.com"]
[Source "ChessBase"]
[SourceQuality "1"]

{[%evp 16,83,32,27,36,-29,50,46,71,36,179,73,192,124,122,132,118,24,27,22,35,12,12,12,12,6,93,16,24,3,8,-4,9,7,9,0,0,0,0,0,35,37,37,35,50,50,53,37,37,37,245,236,219,210,251,251,251,251,251,251,242,251,244,240,339,339,328,284,270,270]} 1. c4 Nf6 2. Nf3 g6 3. Nc3 d5 4. cxd5 Nxd5 5. h4 {[%cal Bh2h4,Bh4h5][%mdl 32]} Nxc3 6. bxc3 {A16: English Opening: 1...Nf6 with ...d5} Bg7 7. h5 c5 8. g3 Nc6 9. Bg2 {LiveBook: 17 Games} Bd7 $146 ({Predecessor:} 9... Qd7 10. Qa4 Nb4 11. Qxd7+ Bxd7 12. Rb1 Nc2+ 13. Kf1 Rb8 14. Ng5 O-O 15. hxg6 hxg6 16. Rxb7 Rxb7 17. Bxb7 {½-½ (41) Matlakov,M (2707)-Kulaots,K (2588) Karlsruhe 2017}) 10. Ng5 (10. Qc2 $14) 10... O-O (10... h6 $11 11. Ne4 Qb6) 11. hxg6 hxg6 12. Qc2 e6 (12... Bf5 $1 $14 13. Qb3 Na5) 13. d3 (13. Nh7 $1 $18 {is the precise move to win.}) 13... b5 (13... Qe7 $16) 14. Ne4 (14. Nh7 $18) 14... b4 $16 {With the idea ...f5.} 15. Bg5 f6 16. Bd2 (16. Bh6 $1 $16) 16... f5 $1 $11 {[%cal Rf5e4]} 17. Nxc5 {aiming for Rc1.} Rc8 $1 18. Qc1 bxc3 $1 19. Bh6 {Hoping for Bxg7.} ({But not} 19. Bxc3 $6 Ne5 $16) 19... Qe7 $1 {[%cal Re7c5]} 20. Bxg7 Qxg7 {[#]} 21. Nxd7 (21. Qg5 $1 $16 Nd4 22. Nxd7 Nc2+ 23. Kf1 Nxa1 24. Nxf8) 21... Qxd7 22. Qh6 Qg7 23. Qxg7+ Kxg7 24. Rh4 a5 25. Bxc6 (25. Kd1 {is interesting.} Ne5 26. Ra4 Rc5 27. Rc1 Ng4 28. Ke1) 25... Rxc6 {[%mdl 4096] Endgame KRR-KRR} 26. Rc1 Rfc8 $1 27. Kd1 g5 28. Ra4 Rc5 29. Ra3 Kf6 30. Kc2 f4 31. d4 Rc4 32. gxf4 a4 $2 (32... gxf4 $14 33. Kd3 c2) 33. fxg5+ $18 Kxg5 34. Rd1 Rf8 35. Rg1+ ({Don't play} 35. Rxc3 $6 Rxc3+ 36. Kxc3 Rxf2 $16) 35... Kf5 36. Rxc3 Rxd4 {[#]} 37. Rf3+ $1 Rf4 38. Rxf4+ Kxf4 39. Rg3 {Rf3+ is the strong threat.} Ke4 (39... Rb8 $142 40. Rc3 Ke5 41. Rc5+ Kd6) 40. Rg4+ {White has a decisive advantage.} Kd5 41. f3 ({Less strong is} 41. Rxa4 Rxf2 42. Kd3 Rg2 $16) 41... Ra8 42. Kb2 {Precision: White = 60%, Black = 52%.} 1-0